00323nam a2200145Ia 45000030006000000080041000060400015000471000025000622450030000872500006001172600017001233000006001405460014001460050017001600STCL150530s9999 xx 000 0 und d aSTCLcSTCL aNarayana Panicker,R. aSree Ramanujanezhuthachan a1 bAuthorc1930 a0 aMalayalam20220125171713.0